Capitales commençant par N - Statistiques

Statistiques générales
  • Ce quiz a été pris 175 fois
  • Le résultat moyen est 5 sur 11
Statistiques - réponses
Capitales % Correct
Nairobi
71%
Niamey
65%
New Delhi
58%
Nouakchott
49%
N'Djaména
48%
Nassau
45%
Naypyidaw
42%
Nicosie
41%
Nuku'Alofa
29%
Ngerulmud
26%
Noursoultan
25%
Aucun quiz correspondant
Distribution des résultats
% des personnes avec chaque résultat
Percentile par nombre de réponses
Votre historique - résultats
Vous n’avez pas pris ce quiz